Logo Grab Bag II Quiz Stats

 Plays Quiz Updated Jun 15, 2018

Score 0/30 Timer 05:00
0 Plays Today
Category Answer % Correct
Oil CompaniesRoyal Dutch Shell
96.8%
WebsitesWikipedia
95.2%
YouTube
94.3%
Fast Food ChainsWendy's
93.7%
History
90.5%
BP
86.6%
Nickelodeon
84.6%
PayPal
84%
US UniversitiesUniversity of Michigan
80.6%
TV NetworksPBS
78.3%
Chick-fil-A
78.3%
Quiznos
75.2%
Chevron
72.2%
Comedy Central
71%
Bank of America
71%
Category Answer % Correct
Hardee's
68.7%
Chipotle
68.5%
Reddit
64.7%
BanksChase
58.7%
Stanford University
56.6%
Clemson University
53.3%
University of Miami
53.1%
ING Group
50.5%
Bing
50.3%
HSBC
40.2%
Barclays
39.7%
Citgo
37.5%
Princeton University
33%
Telemundo
25%
Total S.A.
11.5%

You're not logged in!

Compare scores with friends on all Sporcle quizzes.
OR
Log In

Sporcle TV

Today on Sporcle TV


Watch our educational content, quiz creation guides, and fun videos on Sporcle TV.

Show Comments

Extras

Top Quizzes Today


Score Distribution

Your Account Isn't Verified!

In order to create a playlist on Sporcle, you need to verify the email address you used during registration. Go to your Sporcle Settings to finish the process.

Report this User

Report this user for behavior that violates our Community Guidelines.

Details: